| 000 | 00618nam a2200217 a 4500 | ||
|---|---|---|---|
| 001 | 23027 | ||
| 003 | CO-ViMGA | ||
| 008 | 141112s2004 ck r 000 u spa d | ||
| 020 | _a8434217627 | ||
| 040 |
_aCO-ViMGA _bspa _cCO-ViMGA |
||
| 082 | 0 | 4 | _a739.27 C634j |
| 100 | 1 |
_aCodina, Carles _933104 |
|
| 245 | 1 | 0 | _aLa joyerìa |
| 260 |
_aEspaña : _bParramòn |
||
| 300 | _a160p. | ||
| 505 | _aIntroduccion, La metalurgia, Tecnicas basicas, Superficies, Tecnicas afines, paso a paso | ||
| 650 | 1 | 4 |
_aJOYERIA - ENSEÑANZA _933105 |
| 650 | 1 | 4 |
_aJOYERIA - MANUALES _933106 |
| 650 | 1 | 4 |
_aORFEBRERIA _933107 |
| 942 |
_2ddc _cBK |
||
| 999 |
_c3815 _d3815 |
||